00929 2200349 4500001002100000005001500021035002000036007000300056040001700059100002200076245003600098250001000134300003600144020001800180041000800198082001000206084001600216090002100232264004600253336002100299337003000320338002300350650001400373850001000387008004100397504002500438990002400463990002300487990002300510990002300533990002300556INLIS00000000000564720260501082716 a0010-0222000737ta aSBPUPADbInd0 aKasmirePengarang1 aDasar-Dasar Perbankan /cKasmir acet.5 axiv,336 hlm. :billus. ;c21 cm a979-421-893-6 aInd a332.1 a332.1 KAS d a332.63 GUN r 9-3 aJakarta :bPT RajaGrafindo Persada,c2006 2rdacontentaTeks 2rdamediaaTanpa Perantara 2rdacarrieraVolume 4aPerbankan aPUPAD260501 0  aBibliografi, hlm 231 a5274/BR/ARPUS/2007/ a5275/BR/ARPUS/2007 a5276/BR/ARPUS/2007 a5277/BR/ARPUS/2007 a6699/BR/ARPUS/2007